[Event "Alberta op"]
[Site "Calgary"]
[Date "2002.10.19"]
[Round "2"]
[White "Kim, Calliella"]
[Black "Johnson, Dean"]
[Result "0-1"]
[WhiteElo "1134"]
[BlackElo "1624"]
[PlyCount "52"]
[EventDate "2002.10.15"]
[EventType "swiss"]
[EventRounds "6"]
[EventCountry "CAN"]
[SourceTitle "EXT 2007"]
[Source "ChessBase"]
[SourceDate "2006.11.23"]
[SourceVersion "1"]
[SourceVersionDate "2006.11.23"]
[SourceQuality "1"]

1. e4 e6 2. Nf3 d5 3. exd5 exd5 4. d4 Bd6 5. Nc3 Nf6 6. Bd3 0-0 7. 0-0 Bg4 8. Be2 c6 9. Nd2 Bxe2 10. Nxe2 Qc7 11. Ng3 Re8 12. Re1 Nbd7 13. Ndf1 Rxe1 14. Qxe1 Re8 15. Qd1 c5 16. Nf5 Bf4 17. dxc5 Nxc5 18. Bxf4 Qxf4 19. N1g3 g6 20. Nd4 Ng4 21. Nf3 Nf6 22. Qd4 Qd6 23. Rd1 b6 24. Re1 Nce4 25. Nxe4 Nxe4 26. Rxe4 Rxe4 0-1